banner-ar

اعرف الوقت / (Record no. 33954)

MARC details
000 -الفاتح
حقل البيانات ثابتة الطول 00581nam a2200181Ia 4500
005 - وقت وتاريخ اخر تعامل مع التسجيلة
رقم الضبط 20240530102659.0
008 - عناصر البيانات ثابتة الطول - معلومات عامة
حقل البيانات ثابتة الطول 140319s1966 ua 000 0 ara d
040 ## - مصدر الفهرسة
وكالة الفهرسة الأصلية GCL /
وكالة النسخ GCL
082 04 - رقم تصنيف ديوى العشرى
رقم التصنيف 529.78
رقم المادة ر أ
100 1# - المدخل الرئيسى - إسم شخصى
الإسم الشخصى رايس، ستانلى
245 10 - بيان العنوان
العنوان اعرف الوقت /
بيان المسئوليه,etc تاليف ستانلى رايس ؛ ترجمة محمد قدرى لطفى
260 ## - PUBLICATION, DISTRIBUTION, ETC. (IMPRINT)
تاريخ النشر أو التوزيع 1966
300 ## - الوصف المادى
التعداد 143 ص. ؛
أبعاد الوعاء 16 سم.
650 04 - المدخل الاضافى بالموضوع-مصطلح موضوعى
مصطلح موضوعي الساعات
700 1# - المدخل الاضافى - اسم شخصى
الإسم الشخصى ستانلى رايسب
942 ## - عناصر المدخل الإضافي( كوها)
مصدر التصنيف او مخطط الترفيف Dewey Decimal Classification
Koha [default] item type كتاب
260 ## - PUBLICATION, DISTRIBUTION, ETC. (IMPRINT)
-- القاهرة :
-- مكتبة النهضة المصرية ،
Holdings
حالة التراجع حالة الفقد مصدر التصنيف او خطة الترفيف حالة تلف ليس للاعارة المكان المؤقت الموقع الحالى تاريخ الاكتساب اجمالي اﻻعارات رقم الطلب الباركود تاريخ اخر مشاهدة تاريخ تفعيل السعر نوع وعاء كوها
    ddc     مكتبة القاهرة الكبرى مكتبة القاهرة الكبرى 03/26/2014   529.78 ر إ 80670 03/26/2014 03/26/2014 كتاب
    ddc     مكتبة القاهرة الكبرى مكتبة القاهرة الكبرى 03/26/2014   529.78 ر إ 80671 03/26/2014 03/26/2014 كتاب

Powered By

EGPV